Nirvana... or Pearl Jam? - Statistics

General Stats
  • This quiz has been taken 981 times
    226 since last reset
  • The average score is 9 of 15
Answer Stats
Question Answer % Correct
More studio albums Pearl Jam
91%
Still touring today Pearl Jam
79%
Inducted into the Rock and Roll Hall of Fame Both
76%
Played the 1992 MTV Video Music Awards while feuding backstage with Guns N’ Roses Nirvana
74%
Earlier debut album Nirvana
73%
Had a song parodied by Weird Al Nirvana
71%
Did an MTV Unplugged session Both
63%
Features a left-handed guitarist Nirvana
61%
From the state of Washington Both
60%
Boycotted Ticketmaster Pearl Jam
57%
Went through multiple drummers Both
45%
Had an album produced by Steve Albini Nirvana
43%
Won a Grammy Both
36%
Performed at Woodstock '94 Neither
28%
Sophomore album set a record for fastest-selling album ever (at the time). Pearl Jam
18%
No matching quizzes found
Score Distribution
Percent of People with Each Score
Percentile by Number Answered
Your Score History
You have not taken this quiz since the last reset